LEADER 00901nam0-22003011i-450- 001 990003943040403321 010 $a0-691-01586-4 035 $a000394304 035 $aFED01000394304 035 $a(Aleph)000394304FED01 035 $a000394304 100 $a20030218d1997----km y0itay50------ba 101 0 $aeng 200 1 $aConvex Analysis$fR. Tyrrell Rockafellar 210 $aPrinceton (New Jersey)$cPrinceton University Press$d1997 215 $axviii, 451 p.$d24 cm 225 1 $aPrinceton landmarks in mathematics and physics 610 0 $aFunzioni reali, Funzioni di una variabile 676 $a519 700 1$aRockafellar,$bRalph Tyrrell$f<1935- >$06371 801 0$aIT$bUNINA$gRICA$2UNIMARC 901 $aBK 912 $a990003943040403321 952 $aMVIII-A-79$b9284$fMAS 952 $aMVIII-A-80$b9283$fMAS 959 $aMAS 996 $aConvex analysis$9116132 997 $aUNINA LEADER 01071nam--2200337---450 001 990006008960203316 005 20220317085042.0 010 $a978-2-7283-1061-6 035 $a000600896 035 $aUSA01000600896 035 $a(ALEPH)000600896USA01 035 $a000600896 100 $a20131022d2014----km-y0itay50------ba 101 0 $aita 102 $aIT 105 $a||||||||001yy 200 1 $a<> affare dei morti$emercato funerario, politica e gestione della sepoltura a Napoli (secoli XVII-XIX)$fDiego Carnevale 210 $aRome$cÉcole française de Rome$d2014 215 $aXIV, 551 p.$d24 cm 225 2 $aCollection del l'École française de Rome$v472 410 0$12001$aCollection del l'École française de Rome$v496 606 0 $aCimiteri$yNapoli$zSec. 17.-19.$2BNCF 676 $a363.75 700 1$aCARNEVALE,$bDiego$0619909 801 0$aIT$bsalbc$gISBD 912 $a990006008960203316 951 $aX.3.B. 7404$b248592 L.M.$cX.3.B.$d366992 959 $aBK 969 $aUMA 996 $aAffare dei morti$91078974 997 $aUNISA